000
00216nam a2200085Ia 4500
008
170620s9999 xx 000 0 und d
100
_a
TRIPATHI-S.C.
245
0
_a
MODERN COMPANY LAW
260
_b
ALLAHABAD CENTRAL LAW PUBLICATIONS
260
_c
2009
999
_c
29562
_d
29562